[Event "Montigny le Bretonneux-B 14th"]
[Site "Montigny le Bretonneux"]
[Date "2015.10.20"]
[Round "4.1"]
[White "Rousseau, Philippe"]
[Black "Ribiere, Damien"]
[Result "1/2-1/2"]
[WhiteElo "1692"]
[BlackElo "1885"]
[PlyCount "94"]
[EventDate "2015.10.17"]
[EventType "tourn"]
[EventRounds "9"]
[EventCountry "FRA"]
[SourceTitle "EXT 2024"]
[Source "ChessBase"]
[SourceDate "2023.10.10"]
[SourceVersion "1"]
[SourceVersionDate "2023.10.10"]
[SourceQuality "1"]

1. e4 d6 2. d4 g6 3. Nf3 Bg7 4. Nc3 Nf6 5. h3 0-0 6. Be3 a6 7. Be2 b5 8. a3 Bb7 9. Bd3 Nbd7 10. b4 Rc8 11. 0-0 c5 12. bxc5 dxc5 13. e5 Nd5 14. Nxd5 Bxd5 15. Rb1 Bxf3 16. Qxf3 cxd4 17. Bxd4 Bxe5 18. Be3 Bg7 19. Qb7 Ne5 20. Rfd1 Nxd3 21. Rxd3 Qa5 22. Qxe7 Rxc2 23. Bc5 b4 24. axb4 Qa2 25. Qe1 Re2 26. Qd1 Rfe8 27. Qb3 Re1+ 28. Rxe1 Rxe1+ 29. Kh2 Be5+ 30. g3 Qxb3 31. Rxb3 Ra1 32. Rd3 Kg7 33. Kg2 Kf6 34. f4 Ra2+ 35. Kf3 Bb2 36. Ke4 Kg7 37. Kd5 Bf6 38. g4 Bh4 39. g5 Bf2 40. Bd6 h6 41. Be5+ f6 42. Bxf6+ Kf7 43. Be5 h5 44. Kc4 Rc2+ 45. Bc3 Ke6 46. Kb3 Re2 47. Be5 Re3 1/2-1/2

[Event "Montigny le Bretonneux op 13th"]
[Site "Montigny le Bretonneux"]
[Date "2014.10.20"]
[Round "3"]
[White "Rousseau, Philippe"]
[Black "Duval, Dominique"]
[Result "1-0"]
[WhiteElo "1760"]
[BlackElo "1730"]
[PlyCount "113"]
[EventDate "2014.10.18"]
[EventType "swiss"]
[EventRounds "9"]
[EventCountry "FRA"]
[SourceTitle "EXT 2016"]
[Source "ChessBase"]
[SourceDate "2015.10.08"]
[SourceVersion "1"]
[SourceVersionDate "2015.10.08"]
[SourceQuality "1"]

1. d4 g6 2. e4 Bg7 3. Nc3 c5 4. Nf3 cxd4 5. Nxd4 Nc6 6. Be3 Nf6 7. Nxc6 bxc6 8. e5 Ng8 9. f4 Nh6 10. Bd3 a5 11. 0-0 Ba6 12. h3 Bxd3 13. Qxd3 Nf5 14. Rab1 Nxe3 15. Qxe3 0-0 16. Rfd1 Qc7 17. Qc5 Qa7 18. Ne4 Rfd8 19. b3 Kf8 20. c4 Ke8 21. Kf1 Qxc5 22. Nxc5 d6 23. exd6 Rxd6 24. Rxd6 exd6 25. Re1+ Kd8 26. Ne4 Kd7 27. Rd1 f5 28. Nxd6 Kc7 29. Nf7 Re8 30. Ng5 h6 31. Nf3 Re4 32. g3 a4 33. Re1 axb3 34. axb3 Rxe1+ 35. Kxe1 Kd6 36. Kd1 c5 37. Nh4 Bd4 38. Ke2 Bf6 39. Nxg6 h5 40. Nh4 Ke6 41. Nf3 Kd6 42. Ne1 h4 43. Kf3 hxg3 44. Kxg3 Ke7 45. Nd3 Bd4 46. Kh4 Kf6 47. Kh5 Be3 48. h4 Bd4 49. b4 cxb4 50. Nxb4 Ke6 51. Kg6 Bc3 52. Nd3 Ke7 53. h5 Kf8 54. h6 Kg8 55. c5 Ba5 56. h7+ Kh8 57. Ne5 1-0

[Event "Montigny le Bretonneux op 13th"]
[Site "Montigny le Bretonneux"]
[Date "2014.10.18"]
[Round "1"]
[White "Rousseau, Philippe"]
[Black "Amiard, Jean Claude"]
[Result "0-1"]
[WhiteElo "1760"]
[BlackElo "1704"]
[PlyCount "78"]
[EventDate "2014.10.18"]
[EventType "swiss"]
[EventRounds "9"]
[EventCountry "FRA"]
[SourceTitle "EXT 2016"]
[Source "ChessBase"]
[SourceDate "2015.10.08"]
[SourceVersion "1"]
[SourceVersionDate "2015.10.08"]
[SourceQuality "1"]

1. e4 c5 2. c4 Nc6 3. Nc3 g6 4. d3 Bg7 5. Bd2 d6 6. f4 e6 7. Nf3 Nge7 8. Be2 0-0 9. Rb1 a6 10. 0-0 Rb8 11. a4 b6 12. Be3 Nd4 13. Bxd4 cxd4 14. Na2 Nc6 15. b4 b5 16. a5 Bd7 17. Qb3 e5 18. fxe5 dxe5 19. c5 Be6 20. Qc2 Bh6 21. h3 Qd7 22. Nh2 f5 23. Bf3 Be3+ 24. Kh1 h5 25. exf5 Bxf5 26. Qe2 Qe6 27. Bxc6 Qxc6 28. Nf3 Rbe8 29. Nc3 Kg7 30. Nd1 Bf4 31. Nf2 g5 32. Nd2 g4 33. Nde4 Re6 34. g3 Bxg3 35. hxg4 hxg4 36. Nxg4 Rh8+ 37. Kg1 Bf4 38. Kf2 Rg6 39. Rg1 Bxg4 0-1

[Event "Montigny le Bretonneux-B 11th"]
[Site "Montigny le Bretonneux"]
[Date "2012.11.04"]
[Round "9"]
[White "Rousseau, Philippe"]
[Black "Jean, Robert"]
[Result "1/2-1/2"]
[WhiteElo "1843"]
[BlackElo "1725"]
[PlyCount "61"]
[EventDate "2012.10.27"]
[EventType "tourn"]
[EventRounds "9"]
[EventCountry "FRA"]
[SourceTitle "EXT 2014"]
[Source "ChessBase"]
[SourceDate "2013.11.20"]
[SourceVersion "1"]
[SourceVersionDate "2013.11.20"]
[SourceQuality "1"]

1. d4 Nf6 2. Bg5 e6 3. e4 Be7 4. e5 Nd5 5. Bxe7 Qxe7 6. a3 0-0 7. Nf3 d6 8. c4 Nb6 9. Nc3 dxe5 10. dxe5 Nc6 11. Bd3 Nd7 12. Qe2 Rd8 13. Rd1 Nf8 14. 0-0 Ng6 15. g3 b6 16. b4 Bb7 17. Bxg6 hxg6 18. Rxd8+ Rxd8 19. Rd1 a6 20. Rxd8+ Qxd8 21. Qe3 Ne7 22. Nd4 Nf5 23. Nxf5 exf5 24. f4 Qd7 25. b5 axb5 26. cxb5 Qe7 27. Ne2 Qd7 28. Nc3 Qe7 29. Ne2 Qd7 30. Qd4 Qxb5 31. Qd8+ 1/2-1/2

[Event "Montigny le Bretonneux-B 11th"]
[Site "Montigny le Bretonneux"]
[Date "2012.10.28"]
[Round "2"]
[White "Rousseau, Philippe"]
[Black "Fayolle, Guy"]
[Result "1/2-1/2"]
[WhiteElo "1843"]
[BlackElo "1801"]
[PlyCount "104"]
[EventDate "2012.10.27"]
[EventType "tourn"]
[EventRounds "9"]
[EventCountry "FRA"]
[SourceTitle "EXT 2014"]
[Source "ChessBase"]
[SourceDate "2013.11.20"]
[SourceVersion "1"]
[SourceVersionDate "2013.11.20"]
[SourceQuality "1"]

1. e4 e5 2. Nf3 Nc6 3. Bb5 Nf6 4. 0-0 Nxe4 5. Re1 Nd6 6. Bxc6 dxc6 7. Nxe5 Be7 8. Qe2 Be6 9. d3 Nf5 10. c3 0-0 11. Bf4 Bd6 12. Nd2 Re8 13. Bg3 Nxg3 14. hxg3 Bxe5 15. Qxe5 Qxd3 16. Nf3 Qd6 17. Qg5 Bd5 18. Rxe8+ Rxe8 19. Nd4 Qe5 20. Qd2 Qe4 21. f3 Qe3+ 22. Qf2 g6 23. a3 a6 24. Nc2 Qxf2+ 25. Kxf2 Kg7 26. Ne3 Re7 27. Rd1 Be6 28. Rd2 Rd7 29. Nc4 Rxd2+ 30. Nxd2 f5 31. Ke3 Kf6 32. Kd4 b6 33. b4 h5 34. f4 Bd5 35. c4 Bxg2 36. c5 b5 37. Nb1 g5 38. Ke3 Kg6 39. Kf2 Be4 40. Nc3 gxf4 41. gxf4 h4 42. Nd1 Kh5 43. Ne3 Kg6 44. Kg1 Bf3 45. Kf2 Bg4 46. Nc2 h3 47. Kg3 h2 48. Kxh2 Bf3 49. Kg3 Be4 50. Nd4 Kf6 51. Kh4 Bd5 52. Kh5 Be4 1/2-1/2